000 00601nam a2200205Ia 4500
003 GCL
008 140319s9999 xx 000 0 ara d
040 _aGCL /
_cGCL
082 0 4 _a301
_bك م
100 1 _aكوفيلية , ارمان
245 1 0 _aمدخل الى علم الاجتماع /
_cكوفيلية , ارمان
700 1 _aنبية صقر
260 _a[S.N] :
_bمنشورات عويدان ،
_c1980
300 _a261 ص
490 _aزدنى علما
_v0
650 0 4 _aالعلم
650 0 4 _aالعلوم الاجتماعية
650 0 4 _aالاجتماع
942 _2ddc
_cBK
999 _c36144
_d36144